| 000 -CABECERA |
| campo de control de longitud fija |
00916nam a2200289 u 4500 |
| 001 - NÚMERO DE CONTROL |
| campo de control |
000062314 |
| 005 - FECHA Y HORA DE LA ÚLTIMA TRANSACCIÓN |
| campo de control |
20200120224226.0 |
| 008 - DATOS DE LONGITUD FIJA--INFORMACIÓN GENERAL |
| campo de control de longitud fija |
140717s1985 sp a r 000 0 spa d |
| 020 ## - NÚMERO INTERNACIONAL ESTÁNDAR DEL LIBRO |
| Número Internacional Estándar del Libro |
84-241-5783-4 |
| 041 0# - CÓDIGO DE LENGUA |
| Código de lengua del texto/banda sonora o título independiente |
*spa |
| Código de lengua original |
eng |
| 043 ## - CÓDIGO DE ÁREA GEOGRÁFICA |
| Código de área geográfica |
e-uk-en |
| 082 04 - NÚMERO DE LA CLASIFICACIÓN DECIMAL DEWEY |
| Número de clasificación |
JN |
| Número de documento/Ítem |
SEW |
| Número de edición |
21 |
| 100 1# - ENTRADA PRINCIPAL--NOMBRE DE PERSONA |
| Nombre de persona |
Sewell, Anna, |
| Fechas asociadas al nombre |
1820-1878. |
| 245 10 - MENCIÓN DE TÍTULO |
| Título |
Belleza negra / |
| Mención de responsabilidad, etc. |
Anna Sewell; adaptado por Elaine Ife; ilustrado por por Libby Turner; traducción Susana Rodríguez. |
| 250 ## - MENCIÓN DE EDICIÓN |
| Mención de edición |
1a ed. |
| 260 ## - PUBLICACIÓN, DISTRIBUCIÓN, ETC. |
| Lugar de publicación, distribución, etc. |
León(España) : |
| Nombre del editor, distribuidor, etc. |
Everest, |
| Fecha de publicación, distribución, etc. |
1985. |
| 300 ## - DESCRIPCIÓN FÍSICA |
| Extensión |
76 p. : |
| Otras características físicas |
il., col. |
| 490 #0 - MENCIÓN DE SERIE |
| Mención de serie |
Clasicos en acción |
| 534 ## - NOTA SOBRE LA VERSIÓN ORIGINAL |
| Mención de título del original |
Black beauty |
| 650 17 - PUNTO DE ACCESO ADICIONAL DE MATERIA--TÉRMINO DE MATERIA |
| Término de materia o nombre geográfico como elemento de entrada |
Novela inglesa |
| Fuente del encabezamiento o término |
LEMB |
| 650 27 - PUNTO DE ACCESO ADICIONAL DE MATERIA--TÉRMINO DE MATERIA |
| Término de materia o nombre geográfico como elemento de entrada |
Caballos en la literatura |
| Fuente del encabezamiento o término |
LEMB |
| 650 27 - PUNTO DE ACCESO ADICIONAL DE MATERIA--TÉRMINO DE MATERIA |
| Término de materia o nombre geográfico como elemento de entrada |
Novela de ficción |
| Fuente del encabezamiento o término |
LEMB |
| 650 27 - PUNTO DE ACCESO ADICIONAL DE MATERIA--TÉRMINO DE MATERIA |
| Término de materia o nombre geográfico como elemento de entrada |
Aventura en la literatura |
| Fuente del encabezamiento o término |
LEMB |
| 700 1# - PUNTO DE ACCESO ADICIONAL--NOMBRE DE PERSONA |
| Nombre de persona |
Ife, Elaine |
| Término indicativo de función/relación |
adaptador |
| 700 1# - PUNTO DE ACCESO ADICIONAL--NOMBRE DE PERSONA |
| Nombre de persona |
Turner, Libby |
| Término indicativo de función/relación |
ilustrador |
| 700 1# - PUNTO DE ACCESO ADICIONAL--NOMBRE DE PERSONA |
| Nombre de persona |
Rodríguez, Susana |
| Término indicativo de función/relación |
traductora |